LEADER 01199nam a2200313 i 4500 001 991002474359707536 005 20020508200833.0 008 971212s1996 it ||| | ita 020 $a8804298839 035 $ab11014775-39ule_inst 035 $aPARLA163268$9ExL 040 $aDip. di Filol. Class. e di Scienze Filosofiche$bita 041 0 $aitalat 082 0 $a940.146 100 1 $aRadulfus : Glaber$0133514 245 10$aCronache dell'anno Mille :$bstorie /$cRodolfo il Glabro ; a cura di Guglielmo Cavallo e Giovanni Orlandi 250 $a4. ed. aggiornata 260 $aMilano :$bFondazione Lorenzo Valla ; Arnoldo Mondadori,$c[1996] 300 $alxxix, 381 p., [18] p. di tav. :$bill. ;$c20 cm. 490 0 $aScrittori greci e latini 650 4$aStoria generale d'Europa$ySec. 11. 700 1 $aCavallo, Guglielmo 700 1 $aOrlandi, Giovanni 907 $a.b11014775$b23-02-17$c28-06-02 912 $a991002474359707536 945 $aLE007 870.1 Radulfus 1996-01$g1$i2007000035177$lle007$o-$pE0.00$q-$rl$s- $t0$u4$v8$w4$x0$y.i11133144$z28-06-02 996 $aCronache dell'anno Mille$9488039 997 $aUNISALENTO 998 $ale007$b01-01-97$cm$da $e-$fita$git $h0$i1